Dr. B. R. Ambedkar : (Record no. 124864)

MARC details
000 -LEADER
fixed length control field 00757nam a22002177a 4500
005 - DATE AND TIME OF LATEST TRANSACTION
control field 20170124105945.0
010 ## - LIBRARY OF CONGRESS CONTROL NUMBER
LC control number B-226186
020 ## - INTERNATIONAL STANDARD BOOK NUMBER
Terms of availability 250.00
International Standard Book Number 8124101178
035 ## - SYSTEM CONTROL NUMBER
System control number B-226186
037 ## - SOURCE OF ACQUISITION
Source of stock number/acquisition Cen Lib/Ret
040 ## - CATALOGING SOURCE
Original cataloging agency DPL
Language of cataloging EN
082 ## - DEWEY DECIMAL CLASSIFICATION NUMBER
Classification number 305.562
Item number BRA
245 #r - TITLE STATEMENT
Title Dr. B. R. Ambedkar :
Statement of responsibility, etc edited by S.N. Mandal
Remainder of title his thoughts and observations /
260 ## - PUBLICATION, DISTRIBUTION, ETC. (IMPRINT)
Name of publisher, distributor, etc National Publishing House
Place of publication, distribution, etc New Delhi
270 ## - ADDRESS
Address 2/35 Ansari Road, Daryaganj
City New Delhi
Postal code 110002
300 ## - PHYSICAL DESCRIPTION
Extent xiv,193p.
Dimensions 22m(Hb)
650 ## - SUBJECT ADDED ENTRY--TOPICAL TERM
Topical term or geographic name as entry element Ambedkar, B. R. -- (Bhimrao Ramji), -- 1891-1956 -- Philosophy.
9 (RLIN) 73808
650 ## - SUBJECT ADDED ENTRY--TOPICAL TERM
Topical term or geographic name as entry element Ambedkar, B. R. -- (Bhimrao Ramji), -- 1891-1956
9 (RLIN) 73809
700 ## - ADDED ENTRY--PERSONAL NAME
Personal name Mandal, S.N.
9 (RLIN) 12196
942 ## - ADDED ENTRY ELEMENTS (KOHA)
Source of classification or shelving scheme Dewey Decimal Classification
Koha item type English Books
Classification part 305.562
Call number suffix BRA
Holdings
Withdrawn status Lost status Damaged status Not for loan Home library Current library Date acquired Source of acquisition Cost, normal purchase price Total Checkouts Total Renewals Full call number Barcode Date last seen Date checked out Copy number Cost, replacement price Price effective from Koha item type
        Central Library Central Library 18/06/2015 Cen Lib/Ret 250.00 6 5 305.562 BRA B-226186 11/10/2023 29/08/2023 1 250.00 18/06/2015 English Books

© Delhi Public Library
Hit Counter
free hit counter